<?xml version="1.0" encoding="UTF-8"?>
<record
    xmlns:xsi="http://www.w3.org/2001/XMLSchema-instance"
    xsi:schemaLocation="http://www.loc.gov/MARC21/slim http://www.loc.gov/standards/marcxml/schema/MARC21slim.xsd"
    xmlns="http://www.loc.gov/MARC21/slim">

  <leader>00617cam a2200217   4500</leader>
  <controlfield tag="001">BUCI011456</controlfield>
  <controlfield tag="008">      r19821980mx f                spa  </controlfield>
  <datafield tag="020" ind1=" " ind2=" ">
    <subfield code="a">9686085580</subfield>
  </datafield>
  <datafield tag="035" ind1=" " ind2=" ">
    <subfield code="a">BUCI011456</subfield>
  </datafield>
  <datafield tag="100" ind1="1" ind2=" ">
    <subfield code="a">Chitham, Robert</subfield>
  </datafield>
  <datafield tag="245" ind1="1" ind2="3">
    <subfield code="a">La Arquitectura historica acotada y dibujada /</subfield>
    <subfield code="c">Robert Chitham.</subfield>
  </datafield>
  <datafield tag="250" ind1=" " ind2=" ">
    <subfield code="a">1a. ed.</subfield>
  </datafield>
  <datafield tag="260" ind1=" " ind2=" ">
    <subfield code="a">Mexico :</subfield>
    <subfield code="b">Gustavo Gili,</subfield>
    <subfield code="c">1982</subfield>
  </datafield>
  <datafield tag="300" ind1=" " ind2=" ">
    <subfield code="a">viii, 119 p. :</subfield>
    <subfield code="b">ills. ;</subfield>
    <subfield code="c">30 cm.</subfield>
  </datafield>
  <datafield tag="504" ind1=" " ind2=" ">
    <subfield code="a">Incluye indice</subfield>
  </datafield>
  <datafield tag="650" ind1=" " ind2="4">
    <subfield code="a">Dibujo arquitectonico</subfield>
  </datafield>
  <datafield tag="650" ind1=" " ind2="4">
    <subfield code="a">Arquitectura</subfield>
    <subfield code="x">Disenos y planos</subfield>
  </datafield>
  <datafield tag="650" ind1=" " ind2="4">
    <subfield code="a">Edificios</subfield>
  </datafield>
  <datafield tag="942" ind1=" " ind2=" ">
    <subfield code="2">lcc</subfield>
    <subfield code="c">LlB</subfield>
  </datafield>
  <datafield tag="999" ind1=" " ind2=" ">
    <subfield code="c">127547</subfield>
    <subfield code="d">127547</subfield>
  </datafield>
  <datafield tag="952" ind1=" " ind2=" ">
    <subfield code="1">0</subfield>
    <subfield code="2">lcc</subfield>
    <subfield code="4">0</subfield>
    <subfield code="7">0</subfield>
    <subfield code="a">UCIH</subfield>
    <subfield code="b">UCIH</subfield>
    <subfield code="c">GENERAL</subfield>
    <subfield code="d">2017-09-07</subfield>
    <subfield code="f">1a. ed.</subfield>
    <subfield code="h">BCU000019604</subfield>
    <subfield code="k">IT</subfield>
    <subfield code="o">NA2700 C54 1982</subfield>
    <subfield code="p">BCU000019604</subfield>
    <subfield code="r">2017-09-07 00:00:00</subfield>
    <subfield code="t">1</subfield>
    <subfield code="y">LIB</subfield>
  </datafield>
  <datafield tag="952" ind1=" " ind2=" ">
    <subfield code="1">0</subfield>
    <subfield code="2">lcc</subfield>
    <subfield code="4">0</subfield>
    <subfield code="7">0</subfield>
    <subfield code="a">UCIH</subfield>
    <subfield code="b">UCIH</subfield>
    <subfield code="c">GENERAL</subfield>
    <subfield code="d">2017-09-07</subfield>
    <subfield code="f">1a. ed.</subfield>
    <subfield code="h">BCU000019605</subfield>
    <subfield code="k">IT</subfield>
    <subfield code="o">NA2700 C54 1982</subfield>
    <subfield code="p">BCU000019605</subfield>
    <subfield code="r">2017-09-07 00:00:00</subfield>
    <subfield code="t">3</subfield>
    <subfield code="y">LIB</subfield>
  </datafield>
  <datafield tag="952" ind1=" " ind2=" ">
    <subfield code="1">0</subfield>
    <subfield code="2">lcc</subfield>
    <subfield code="4">0</subfield>
    <subfield code="7">0</subfield>
    <subfield code="a">UCIH</subfield>
    <subfield code="b">UCIH</subfield>
    <subfield code="c">GENERAL</subfield>
    <subfield code="d">2017-09-07</subfield>
    <subfield code="f">1a. ed.</subfield>
    <subfield code="h">BCU000019606</subfield>
    <subfield code="k">IT</subfield>
    <subfield code="o">NA2700 C54 1982</subfield>
    <subfield code="p">BCU000019606</subfield>
    <subfield code="r">2017-09-07 00:00:00</subfield>
    <subfield code="t">6</subfield>
    <subfield code="y">LIB</subfield>
  </datafield>
  <datafield tag="952" ind1=" " ind2=" ">
    <subfield code="1">0</subfield>
    <subfield code="2">lcc</subfield>
    <subfield code="4">0</subfield>
    <subfield code="7">0</subfield>
    <subfield code="a">UCIH</subfield>
    <subfield code="b">UCIH</subfield>
    <subfield code="c">GENERAL</subfield>
    <subfield code="d">2017-09-07</subfield>
    <subfield code="f">1a. ed.</subfield>
    <subfield code="h">BCU000019607</subfield>
    <subfield code="k">IT</subfield>
    <subfield code="o">NA2700 C54 1982</subfield>
    <subfield code="p">BCU000019607</subfield>
    <subfield code="r">2017-09-07 00:00:00</subfield>
    <subfield code="t">7</subfield>
    <subfield code="y">LIB</subfield>
  </datafield>
  <datafield tag="952" ind1=" " ind2=" ">
    <subfield code="1">0</subfield>
    <subfield code="2">lcc</subfield>
    <subfield code="4">0</subfield>
    <subfield code="7">0</subfield>
    <subfield code="a">UCIH</subfield>
    <subfield code="b">UCIH</subfield>
    <subfield code="c">GENERAL</subfield>
    <subfield code="d">2017-09-07</subfield>
    <subfield code="f">1a. ed.</subfield>
    <subfield code="h">BCU000019608</subfield>
    <subfield code="k">IT</subfield>
    <subfield code="o">NA2700 C54 1982</subfield>
    <subfield code="p">BCU000019608</subfield>
    <subfield code="r">2017-09-07 00:00:00</subfield>
    <subfield code="t">8</subfield>
    <subfield code="y">LIB</subfield>
  </datafield>
  <datafield tag="952" ind1=" " ind2=" ">
    <subfield code="1">0</subfield>
    <subfield code="2">lcc</subfield>
    <subfield code="4">0</subfield>
    <subfield code="7">0</subfield>
    <subfield code="a">UCIH</subfield>
    <subfield code="b">UCIH</subfield>
    <subfield code="c">GENERAL</subfield>
    <subfield code="d">2017-09-07</subfield>
    <subfield code="f">1a. ed.</subfield>
    <subfield code="h">BCU000019609</subfield>
    <subfield code="k">IT</subfield>
    <subfield code="o">NA2700 C54 1982</subfield>
    <subfield code="p">BCU000019609</subfield>
    <subfield code="r">2017-09-07 00:00:00</subfield>
    <subfield code="t">10</subfield>
    <subfield code="y">LIB</subfield>
  </datafield>
</record>
